Normal view
MARC view
Entry Personal Name
001 - CONTROL NUMBER
- control field: 48645
003 - CONTROL NUMBER IDENTIFIER
- control field: OSt
005 - DATE AND TIME OF LATEST TRANSACTION
- control field: 20160329150752.0
008 - FIXED-LENGTH DATA ELEMENTS
- fixed length control field: 160329|| aca||aabn | a|a d
040 ## - CATALOGING SOURCE
- Original cataloging agency: OSt
- Transcribing agency: OSt
100 ## - HEADING--PERSONAL NAME
- Personal name: चतुर्वेदी रमेश
670 ## - SOURCE DATA FOUND
- Source citation: Work cat.: (OSt)46998: चतुर्वेदी रमेश , प्रफल्लित जीवन एवम़ प्रफुल्लित मृत्यु की कला , 2010









